000 nam a22 a 4500
999 _c3317
_d3317
003 AKMLA
005 20190131092641.0
008 170522s2003 my e 000 0 may d
020 _a9676113778 (kkt.):
_cRM18.90
039 9 _a201305150933
_bnorizan
_c201106141628
_dnoraini_y
_c200601161637
_danizam
040 _aAKMAL
_cAKMAL
049 0 0 _apmamal
082 0 4 _a658.4012 YEO
_221
090 0 0 _a658.4012
_bYEO
090 2 0 _a658.4012
_bYEO
100 1 _aYeoh, Michael
_96740
245 1 0 _aWawasan Dan Kepimpinan :
_bNilai dan strategi ke arah wawasan 2020 /
_cMichael Yeoh ; penterjemah Rahayu Ibrahim, Suziana Abd. Aziz
260 _aKuala Lumpur :
_bUtusan Publications & Distributors,
_c2003
300 0 0 _axi, 108ms. ;
_c25cm
500 _aKoleksi Peribadi YABhg. Tun Ahmad Sarji (2100287)
650 0 _aStrategic planning
_zMalaysia
_96741
650 0 _aIndustrial management
_zMalaysia
_96100
650 0 _aWawasan 2020
_98
700 0 _aRahayu Ibrahim
_9100
700 0 _aSuzana Abd. Aziz
_96742
942 _2ddc
_cBOOK